Loading...
| History - European | 0 | 6 | 1 | 0 | 55 | 37 | 89.50 | 1 | 1 | 0.00 | 0.00 |
| History - American | 0 | 5 | 0 | 0 | 50 | 67 | 94.00 | 1 | 1 | 0.00 | 0.00 |
| Any History | 0 | 4 | 0 | 0 | 40 | 45 | 86.00 | 1 | 2 | 0.00 | 0.00 |
| Literature - American | 0 | 4 | 0 | 3 | 40 | 111 | 136.25 | 0 | 0 | 0.00 | 0.00 |
| Painting & Sculpture | 0 | 3 | 0 | 1 | 30 | 98 | 129.67 | 1 | 1 | 0.00 | 0.00 |
| Geography | 0 | 3 | 0 | 0 | 30 | 86 | 100.67 | 1 | 1 | 0.00 | 0.00 |
| Science - Chemistry | 0 | 3 | 0 | 0 | 30 | 58 | 70.33 | 1 | 1 | 0.00 | 0.00 |
| Other Academic | 0 | 3 | 0 | 1 | 30 | 103 | 126.67 | 0 | 0 | 0.00 | 0.00 |
| Literature - British | 0 | 3 | 1 | 1 | 25 | 127 | 143.33 | 0 | 0 | 0.00 | 0.00 |
| Science - Physics | 0 | 2 | 0 | 2 | 20 | 120 | 131.50 | 0 | 0 | 0.00 | 0.00 |
| Religion | 0 | 2 | 1 | 0 | 15 | 99 | 120.00 | 0 | 0 | 0.00 | 0.00 |
| Science - Biology | 0 | 1 | 0 | 0 | 10 | 33 | 33.00 | 1 | 1 | 0.00 | 0.00 |
| Science - Other | 0 | 1 | 0 | 0 | 10 | 74 | 74.00 | 0 | 0 | 0.00 | 0.00 |
| Fine Arts - Other | 0 | 1 | 0 | 1 | 10 | 143 | 143.00 | 0 | 0 | 0.00 | 0.00 |
| Literature - European | 0 | 0 | 0 | 0 | 0 | 0.00 | 0 | 0 | 0.00 | 0.00 | |
| History - World | 0 | 0 | 1 | 0 | -5 | 0.00 | 0 | 0 | 0.00 | 0.00 |